| 000 | 00635cam a22002293a 4500 | ||
|---|---|---|---|
| 001 | 11558 | ||
| 003 | PGUSA | ||
| 005 | 20140828083238.0 | ||
| 008 | 040301s2004||||xxu|||||s|||||000 p eng d | ||
| 040 |
_aPGUSA _beng |
||
| 042 | _adc | ||
| 050 | 4 | _aPS | |
| 100 | 1 |
_aGoodrich, Samuel G. _q(Samuel Griswold), _d1793-1860 |
|
| 245 | 1 | 0 |
_aPoems _h[electronic resource] / _cSamuel G. Goodrich |
| 260 |
_bProject Gutenberg, _c2004 |
||
| 506 | _aPublic domain in the USA. | ||
| 516 | _aElectronic text | ||
| 653 | _aAmerican poetry | ||
| 830 | 0 |
_aProject Gutenberg _v11558 |
|
| 856 | 4 | 0 | _uhttp://www.gutenberg.org/ebooks/11558 |
| 942 | _cEB | ||
| 999 |
_c240813 _d240813 |
||